[Event "29. Friedensfest-Open (AFRO-A)"]
[Site "Augsburg"]
[Date "2024.08.08"]
[Round "1.39"]
[White "Zimmer, Christian"]
[Black "Nitsch, Markus"]
[Result "0-1"]
[WhiteElo "1757"]
[BlackElo "1877"]
[EventDate "2024.08.08"]
[Time "09:30:00"]
[WhiteNrv "1757"]
[BlackNrv "1877"]
[WhiteTwz "1757"]
[BlackTwz "1877"]
[WhiteFideId "16274423"]
[BlackFideId "34681124"]
[WhiteNatFedId "10680572"]
[BlackNatFedId "10849719"]
[WhiteAttr "M"]
[BlackAttr "M"]
[WhiteTeam "SC Heideck-Hilpoltstein"]
[BlackTeam "SK Caissa Augsburg"]
[PlyCount "0"]

1.e4 c5 2.Nf3 d6 3.d4 cxd4 4.Nxd4 Nf6 5.Nc3 a6 6.a4 e5 7.Nf3 Be7 8.Bc4 O-O
9.O-O Qc7 10.Nd5 Nxd5 11.Bxd5 Be6 12.Ra3 Nc6 13.Be3 Rac8 14.Rb3 Qd7 15.Qd2
Rb8 16.Rd1 Kh8 17.Rb6 Qc7 18.a5 Na7 19.Rb3 Nc8 20.Rc3 Qd8 21.Rd3 Bd7 22.
Ba2 f5 23.Nxe5 fxe4 24.Rd4 Be8 25.Rxe4 b6 26.axb6 Nxb6 27.Bxb6 Qxb6 28.Nc4
Qa7 29.Nxd6 Bxd6 30.Kh1 Qxf2 0-1

[Event "29. Friedensfest-Open (AFRO-A)"]
[Site "Augsburg"]
[Date "2024.08.08"]
[Round "1.40"]
[White "Boehm, Bruno"]
[Black "Nezosi, Constantin"]
[Result "1/2-1/2"]
[WhiteElo "1866"]
[BlackElo "1738"]
[EventDate "2024.08.08"]
[Time "09:30:00"]
[WhiteNrv "1866"]
[BlackNrv "1738"]
[WhiteTwz "1866"]
[BlackTwz "1738"]
[WhiteFideId "4699238"]
[BlackFideId "36066974"]
[WhiteNatFedId "10019158"]
[WhiteAttr "M"]
[BlackAttr "M"]
[WhiteTeam "SK Freising"]
[BlackTeam "Vandeuvre Échecs"]
[PlyCount "0"]

1.d4 d5 2.c4 e5 3.dxe5 d4 4.Nf3 Nc6 5.a3 Bg4 6.Nbd2 Qe7 7.h3 Bxf3 8.Nxf3 
h6 9.g3 O-O-O 10.Qd3 g6 11.Bg2 Nxe5 12.Nxe5 Qxe5 13.O-O Bg7 14.b4 Ne7 15.
Bb2 Qf5 16.Qb3 Rhe8 17.e3 Nc6 18.b5 Na5 19.Qb4 b6 20.c5 Qxc5 21.Qa4 Qc4 
22.Qb4 Bf8 23.Qxc4 Nxc4 24.Bxd4 Nd2 25.Rfd1 Nb3 26.Ra2 Nxd4 27.exd4 Rd6 
28.Bc6 Red8 29.d5 Rf6 30.Re1 Bc5 31.a4 h5 32.Re4 Kb8 33.Kg2 Kc8 34.Rae2 
Rfd6 35.h4 Rf6 36.f3 Rfd6 37.Re8 Bb4 38.Kh3 Bc5 39.g4 hxg4+ 40.fxg4 f5 41.
gxf5 gxf5 42.Kg3 Rxe8 43.Rxe8+ Rd8 44.Bb7+ Kd7 45.Bc6+ Kc8 46.Kf4 Rxe8 47.
Bxe8 Kd8 48.Bc6 Ke7 49.Kxf5 Kf7 50.h5 Be3 51.Bd7 Bd2 52.Be6+ Kg7 53.Bd7 
Kf7 54.Ke5 Bc3+ 55.Ke4 Bd2 56.Bg4 Bc1 57.Kd3 Bg5 58.Kc4 Bd2 59.d6 cxd6 60.
Kd5 Kf6 61.Kxd6 Kg5 62.Bd1 Ba5 63.Kc6 Kh6 64.Kb7 Kg5 65.Kxa7 Kh6 66.Kb7 
Kg5 67.Kc6 Kh6 68.Kd7 Kg5 69.Ke7 Kh6 70.Kf7 Bc3 71.Kg8 Ba5 72.Kf8 1/2-1/2

[Event "29. Friedensfest-Open (AFRO-A)"]
[Site "Augsburg"]
[Date "2024.08.08"]
[Round "1.41"]
[White "Sadighi, Armin"]
[Black "Kelembet, Maksym"]
[Result "1/2-1/2"]
[WhiteElo "1737"]
[BlackElo "1864"]
[EventDate "2024.08.08"]
[Time "09:30:00"]
[WhiteNrv "1737"]
[BlackNrv "1864"]
[WhiteTwz "1737"]
[BlackTwz "1864"]
[WhiteFideId "16279956"]
[BlackFideId "34684735"]
[WhiteNatFedId "10806328"]
[BlackNatFedId "10828571"]
[WhiteAttr "M"]
[BlackAttr "M"]
[WhiteTeam "MSA Zugzwang 82 e.V."]
[BlackTeam "SV Jedesheim 1921"]
[PlyCount "0"]

1.e4 c5 2.Nc3 e6 3.f4 Nc6 4.Bb5 Nd4 5.Nf3 Nxb5 6.Nxb5 a6 7.Nc3 d5 8.d3 
dxe4 9.Nxe4 Nf6 10.Qe2 Be7 11.O-O O-O 12.Be3 b6 13.h3 Nd5 14.Bd2 Qc7 15.
Nh2 Bb7 16.f5 exf5 17.Rxf5 Rae8 18.Qg4 Bc8 19.Bh6 g6 20.Raf1 Nf6 21.Qf4 
Qxf4 22.R5xf4 Nh5 23.Bxf8 Nxf4 24.Bxe7 Ne2+ 25.Kf2 Rxe7 26.Nd6 Bd7 27.Re1 
Re6 28.Nxf7 Nf4 29.Ne5 Bc8 30.Nhf3 Bb7 31.Kg3 Nh5+ 32.Kh4 Nf4 33.Kg3 
1/2-1/2

[Event "29. Friedensfest-Open (AFRO-A)"]
[Site "Augsburg"]
[Date "2024.08.08"]
[Round "1.42"]
[White "Kuehn, Marvin"]
[Black "Rempel, Alexander"]
[Result "1/2-1/2"]
[WhiteElo "1862"]
[BlackElo "1715"]
[EventDate "2024.08.08"]
[Time "09:30:00"]
[WhiteNrv "1862"]
[BlackNrv "1715"]
[WhiteTwz "1862"]
[BlackTwz "1715"]
[WhiteFideId "16281667"]
[BlackFideId "34618600"]
[WhiteNatFedId "10709624"]
[BlackNatFedId "10586418"]
[WhiteAttr "M"]
[BlackAttr "M"]
[WhiteTeam "SK Graefelfing"]
[BlackTeam "SF Augsburg"]
[PlyCount "0"]

1.e4 e5 2.Nc3 Nf6 3.f4 d6 4.d3 Be7 5.Nf3 Nbd7 6.Be2 c6 7.O-O O-O 8.a4 a5 
9.fxe5 dxe5 10.Qe1 Bc5+ 11.Kh1 Ng4 12.Qg3 Ndf6 13.Bg5 h6 14.Nxe5 Nf2+ 15.
Rxf2 Bxf2 16.Qxf2 hxg5 17.Qg3 g4 18.Nxg4 Nxg4 19.Bxg4 Qg5 20.Bxc8 Qxg3 21.
hxg3 Raxc8 22.g4 Rfe8 23.Kh2 Kh7 24.Kg3 Re6 25.Rf1 Rc7 26.Rf5 b6 27.d4 g6 
28.Rf2 Rd7 29.d5 cxd5 30.exd5 Re3+ 31.Rf3 Rxf3+ 32.gxf3 g5 33.Kf2 Kg6 34.
Ke3 f5 35.Kd4 Kf6 36.Nb5 fxg4 37.fxg4 Re7 38.Nc3 Re1 39.Ne4+ Ke7 40.Nxg5 
Rg1 41.c3 Rxg4+ 42.Ne4 Rg2 43.b4 axb4 44.cxb4 Ra2 45.Nc3 Ra3 46.Kc4 Kd7 
47.Kd4 Rb3 48.Kc4 Ra3 49.Ne4 Rxa4 50.Kb5 Ra1 51.Kxb6 Re1 52.Nc3 Kd6 53.Kb5
Rh1 1/2-1/2

[Event "29. Friedensfest-Open (AFRO-A)"]
[Site "Augsburg"]
[Date "2024.08.08"]
[Round "1.43"]
[White "Oezkurt, Kaan"]
[Black "Glasschroeder, Maximilian"]
[Result "1-0"]
[WhiteElo "1701"]
[BlackElo "1854"]
[EventDate "2024.08.08"]
[Time "09:30:00"]
[WhiteNrv "1701"]
[BlackNrv "1854"]
[WhiteTwz "1701"]
[BlackTwz "1854"]
[WhiteFideId "34655182"]
[BlackFideId "34652590"]
[WhiteNatFedId "10722110"]
[BlackNatFedId "10775164"]
[WhiteAttr "M"]
[BlackAttr "M"]
[WhiteTeam "SK Freising"]
[BlackTeam "SK Weilheim e.V."]
[PlyCount "0"]

1.e4 c5 2.c3 Nf6 3.e5 Nd5 4.d4 cxd4 5.Nf3 Nc6 6.cxd4 d6 7.Bc4 Nb6 8.Bb5 
dxe5 9.Nxe5 Bd7 10.Nxc6 Bxc6 11.Bxc6+ bxc6 12.O-O e6 13.Qc2 Qd7 14.Qe4 Be7
15.Nd2 O-O 16.Nf3 Nd5 17.Bg5 Bd6 18.Rac1 Qb7 19.Qc2 Rfc8 20.a3 a5 21.Ne5 
c5 22.Nc4 Bf8 23.Qd3 Qb5 24.Rfd1 Rab8 25.Qd2 cxd4 26.Qxd4 Rc6 27.Qa7 Ra6 
28.Qd4 a4 29.Bf4 Rd8 30.Rd2 Rc6 31.Rdc2 Rdc8 32.Ne3 Bc5 33.Qc4 Qxc4 34.
Rxc4 Nxf4 35.Rxf4 Bxe3 36.Rxc6 Bxf2+ 37.Kxf2 Rxc6 38.Rxa4 Rc2+ 39.Kf3 Kf8 
40.b4 Rb2 41.Ra7 f5 42.h3 e5 43.Ra5 Rb3+ 44.Ke2 f4 45.Rxe5 Rxa3 46.Rf5+ 
Ke7 47.Rxf4 Ke6 48.Rd4 Rb3 49.Rg4 g6 50.Kd2 Kd6 51.Kc2 Re3 52.Rg5 Kc6 53.
g3 Kb6 54.h4 Kc6 55.Rc5+ Kb6 56.Rc3 Re4 57.Kb3 Rg4 58.Ka4 Re4 59.Rf3 Re7 
60.Rf6+ Kb7 61.Ka5 Re5+ 62.b5 Re7 63.Rb6+ Ka7 64.Rc6 Kb7 65.Rb6+ Ka7 66.
Rd6 Kb7 67.Kb4 Re5 68.Kc4 Kc7 69.Rf6 Re7 70.Kd5 Rd7+ 71.Ke6 Rd6+ 72.Ke7 
Rd7+ 73.Kf8 Rd8+ 74.Kg7 1-0

[Event "29. Friedensfest-Open (AFRO-A)"]
[Site "Augsburg"]
[Date "2024.08.08"]
[Round "1.44"]
[White "Gleiser, Maximilian"]
[Black "Holuba, Stefan"]
[Result "1-0"]
[WhiteElo "1854"]
[BlackElo "1692"]
[EventDate "2024.08.08"]
[Time "09:30:00"]
[WhiteNrv "1854"]
[BlackNrv "1692"]
[WhiteTwz "1854"]
[BlackTwz "1692"]
[WhiteFideId "533001596"]
[BlackFideId "34667520"]
[BlackNatFedId "10088445"]
[WhiteAttr "M"]
[BlackAttr "M"]
[WhiteTeam "?"]
[BlackTeam "SK Caissa Augsburg"]
[PlyCount "0"]

1.e4 e5 2.Nf3 Nc6 3.Bb5 f5 4.exf5 Nf6 5.Qe2 Be7 6.Nxe5 Nxe5 7.Qxe5 O-O 8.
O-O c6 9.Bd3 d5 10.b3 Bd6 11.Qd4 Ne4 12.Bxe4 dxe4 13.Qxe4 Bxf5 14.Qc4+ Rf7
15.Bb2 Qg5 16.f4 Qg6 17.Be5 Be4 18.g3 Bxe5 19.fxe5 Bd5 20.Qd3 Rxf1+ 21.
Kxf1 Rf8+ 22.Kg1 Qf7 23.Qe2 Bf3 24.Qf2 Qh5 25.Nc3 Qxe5 26.Rf1 Rf6 27.Re1 
Qh5 28.Qe3 h6 29.Qe8+ Qxe8 30.Rxe8+ Rf8 31.Rxf8+ Kxf8 32.Kf2 Bg4 33.Ke3 
Ke7 34.Kf4 Bh3 35.Ke5 Bg4 36.Ne4 b6 37.b4 Be6 38.a3 Bh3 39.d4 Be6 40.c3 
Bd5 41.Nd6 Be6 42.c4 Bg4 43.d5 c5 44.bxc5 bxc5 45.Ne4 Be2 46.d6+ Kd8 47.
Nd2 1-0

[Event "29. Friedensfest-Open (AFRO-A)"]
[Site "Augsburg"]
[Date "2024.08.08"]
[Round "1.45"]
[White "Ranganathan, Aadith"]
[Black "Heilig, Tim Markus"]
[Result "1/2-1/2"]
[WhiteElo "1666"]
[BlackElo "1851"]
[EventDate "2024.08.08"]
[Time "09:30:00"]
[WhiteNrv "1666"]
[BlackNrv "1851"]
[WhiteTwz "1666"]
[BlackTwz "1851"]
[WhiteFideId "34667121"]
[BlackFideId "16295935"]
[WhiteNatFedId "10806334"]
[BlackNatFedId "10692999"]
[WhiteAttr "M"]
[BlackAttr "M"]
[WhiteTeam "SC Unterhaching e.V."]
[BlackTeam "SF 1876 Goeppingen"]
[PlyCount "0"]

1.e4 a6 2.d4 e6 3.Nf3 d5 4.exd5 exd5 5.Bd3 Bd6 6.O-O Ne7 7.Re1 Bg4 8.Nc3 
c6 9.h3 Bh5 10.Bg5 f6 11.Bh4 O-O 12.Bg3 Bg6 13.Qe2 Rf7 14.Bxg6 hxg6 15.
Bxd6 Qxd6 16.Qe6 Qxe6 17.Rxe6 Nd7 18.Rae1 Kf8 19.Nh4 g5 20.Nf3 Ng6 1/2-1/2

[Event "29. Friedensfest-Open (AFRO-A)"]
[Site "Augsburg"]
[Date "2024.08.08"]
[Round "1.47"]
[White "Moradi, Yasamin"]
[Black "Latka, Robert"]
[Result "0-1"]
[WhiteElo "1642"]
[BlackElo "1837"]
[EventDate "2024.08.08"]
[Time "09:30:00"]
[WhiteNrv "1642"]
[BlackNrv "1837"]
[WhiteTwz "1642"]
[BlackTwz "1837"]
[WhiteFideId "34646795"]
[BlackFideId "24690074"]
[BlackNatFedId "10124815"]
[WhiteAttr "*"]
[BlackAttr "M"]
[WhiteTeam "?"]
[BlackTeam "fuss brothers Jena"]
[PlyCount "0"]

1.c3 e5 2.d4 exd4 3.cxd4 d5 4.h3 Bd6 5.Nf3 c6 6.Nc3 Bf5 7.Bg5 Qb6 8.Na4 
Qa5+ 9.Bd2 Qd8 10.Qc1 Nd7 11.e3 Ngf6 12.Be2 Ne4 13.b4 O-O 14.O-O Qe7 15.a3
Bg6 16.Bd3 Ng3 17.Bxg6 Nxf1 18.Qxf1 fxg6 19.Qe2 Nf6 20.Nh2 Ne4 21.Rf1 Rf7 
22.Be1 Re8 23.Ng4 h5 24.Nh2 Bb8 25.f4 Nd6 26.Bd2 Nf5 27.Rf3 Nxd4 0-1

[Event "29. Friedensfest-Open (AFRO-A)"]
[Site "Augsburg"]
[Date "2024.08.08"]
[Round "1.48"]
[White "Franke, Maximilian"]
[Black "Nezosi, Christophe"]
[Result "1-0"]
[WhiteElo "1834"]
[BlackElo "1619"]
[EventDate "2024.08.08"]
[Time "09:30:00"]
[WhiteNrv "1834"]
[BlackNrv "1619"]
[WhiteTwz "1834"]
[BlackTwz "1619"]
[WhiteFideId "16271114"]
[BlackFideId "36067164"]
[WhiteNatFedId "10053132"]
[WhiteAttr "M"]
[BlackAttr "M"]
[WhiteTeam "SC Bavaria Regensburg vo"]
[BlackTeam "Vandeuvre Échecs"]
[PlyCount "0"]

1.e4 Nc6 2.Nf3 d5 3.exd5 Qxd5 4.Nc3 Qa5 5.d4 Bg4 6.Bb5 O-O-O 7.Bxc6 bxc6 
8.Qd3 Bxf3 9.Qxf3 Nf6 10.Qxc6 e6 11.O-O Bd6 12.Nb5 Kb8 13.c4 a6 14.Nc3 
Bxh2+ 15.Kxh2 Qh5+ 16.Kg1 Ng4 17.Bf4 e5 18.dxe5 Rd4 19.Nd5 Rc8 20.Nxc7 
Rxf4 21.Qb6# 1-0

[Event "29. Friedensfest-Open (AFRO-A)"]
[Site "Augsburg"]
[Date "2024.08.08"]
[Round "1.49"]
[White "Zimmer, Maximilian"]
[Black "Mayer, Manuel"]
[Result "0-1"]
[WhiteElo "1610"]
[BlackElo "1832"]
[EventDate "2024.08.08"]
[Time "09:30:00"]
[WhiteNrv "1610"]
[BlackNrv "1832"]
[WhiteTwz "1610"]
[BlackTwz "1832"]
[WhiteFideId "16285727"]
[BlackFideId "34636838"]
[WhiteNatFedId "10680574"]
[BlackNatFedId "10762354"]
[WhiteAttr "M"]
[BlackAttr "M"]
[WhiteTeam "SC Heideck-Hilpoltstein"]
[BlackTeam "TSV Landsberg 1882"]
[PlyCount "0"]

1.e4 c5 2.Nf3 Nc6 3.d4 cxd4 4.Nxd4 Nf6 5.Nc3 d6 6.Be3 e6 7.Be2 a6 8.Qd2 
Bd7 9.O-O b5 10.a3 Be7 11.f3 O-O 12.a4 b4 13.Na2 Nxd4 14.Bxd4 a5 15.b3 e5 
16.Be3 Be6 17.c4 Nd7 18.Nc1 Nc5 19.Rb1 f5 20.Bd3 f4 21.Bf2 Bh4 22.Qe1 
Bxf2+ 23.Qxf2 g5 24.g4 h5 25.h3 Kf7 26.Kg2 Rh8 27.Rh1 Qd7 28.Be2 hxg4 29.
hxg4 Bxg4 30.fxg4 Nxe4 31.Qf3 Rxh1 32.Kxh1 Ng3+ 33.Kg2 e4 34.Qf2 Rh8 35.
Qd4 Rh4 36.Qd5+ Kf6 37.c5 Nxe2 38.Qxe4 Qxg4+ 39.Kf2 Qg3+ 40.Kxe2 Rh2+ 41.
Kd1 Qg1+ 42.Qe1 Qd4+ 0-1

[Event "29. Friedensfest-Open (AFRO-A)"]
[Site "Augsburg"]
[Date "2024.08.08"]
[Round "2.1"]
[White "Poetsch, Hagen"]
[Black "Soergel, Thomas"]
[Result "1-0"]
[WhiteElo "2453"]
[BlackElo "2010"]
[EventDate "2024.08.08"]
[Time "15:30:00"]
[WhiteNrv "2453"]
[BlackNrv "2010"]
[WhiteTwz "2453"]
[BlackTwz "2010"]
[WhiteTitle "GM"]
[WhiteFideId "24615137"]
[BlackFideId "4667980"]
[WhiteNatFedId "10165992"]
[BlackNatFedId "10209978"]
[WhiteAttr "M"]
[BlackAttr "M"]
[WhiteTeam "SC Heusenstamm"]
[BlackTeam "SK Graefelfing"]
[PlyCount "0"]

1.e4 e6 2.d4 d5 3.Nc3 Nf6 4.e5 Nfd7 5.f4 c5 6.Nf3 Nc6 7.Be3 Be7 8.a3 O-O 
9.dxc5 Nxc5 10.Be2 b6 11.O-O Ba6 12.Bxa6 Nxa6 13.b4 Nc7 14.Qd3 f5 15.Kh1 
h5 16.Ne2 Qe8 17.c3 Rc8 18.a4 g6 19.Neg1 Kf7 20.Nh3 Qd7 21.Nhg5+ Bxg5 22.
Nxg5+ Kg7 23.Rfd1 Nd8 24.a5 Qc6 25.axb6 axb6 26.c4 Nf7 27.cxd5 Nxd5 28.b5 
Qd7 29.Nxe6+ Qxe6 30.Qxd5 Qxd5 31.Rxd5 Rfd8 32.Rxd8 Nxd8 33.Bxb6 Ne6 34.g3
g5 35.fxg5 Nxg5 36.Be3 Nf3 37.Rf1 Nxe5 38.Bd4 Kf6 39.Re1 1-0

[Event "29. Friedensfest-Open (AFRO-A)"]
[Site "Augsburg"]
[Date "2024.08.08"]
[Round "2.2"]
[White "Vuong, Anh-Tu"]
[Black "Vuckovic, Zarko"]
[Result "0-1"]
[WhiteElo "2010"]
[BlackElo "2353"]
[EventDate "2024.08.08"]
[Time "15:30:00"]
[WhiteNrv "2010"]
[BlackNrv "2353"]
[WhiteTwz "2010"]
[BlackTwz "2353"]
[WhiteFideId "34658920"]
[BlackFideId "12952087"]
[WhiteNatFedId "10232351"]
[BlackNatFedId "10284643"]
[WhiteAttr "M"]
[BlackAttr "M"]
[WhiteTeam "TSV Landsberg 1882"]
[BlackTeam "SF Augsburg"]
[PlyCount "0"]

1.d4 Nf6 2.c4 e6 3.g3 d5 4.Bg2 Bb4+ 5.Nd2 O-O 6.Nf3 b6 7.O-O a5 8.a3 Be7 
9.Qc2 Bb7 10.Rd1 c5 11.b3 Nbd7 12.Bb2 Rc8 13.Rac1 dxc4 14.Nxc4 b5 15.Nce5 
cxd4 16.Qd3 Rxc1 17.Rxc1 Nxe5 18.Nxe5 Bxg2 19.Kxg2 Qd5+ 20.Nf3 e5 21.Qd1 
Bd6 22.Kg1 h6 23.Qc2 Rd8 24.Rd1 b4 25.a4 Qa8 26.Rc1 Ne4 27.Nd2 Nc3 28.Nc4 
Bc7 29.Bxc3 dxc3 30.Rd1 g6 31.g4 Kg7 32.f3 Rd4 33.e4 Qd8 34.Rxd4 exd4 35.
Qd3 Kh7 36.e5 Qg5 37.Qxd4 c2 0-1

[Event "29. Friedensfest-Open (AFRO-A)"]
[Site "Augsburg"]
[Date "2024.08.08"]
[Round "2.3"]
[White "Gruettner, Ralf"]
[Black "Gibicar, Danijel"]
[Result "0-1"]
[WhiteElo "1997"]
[BlackElo "2269"]
[EventDate "2024.08.08"]
[Time "15:30:00"]
[WhiteNrv "1997"]
[BlackNrv "2269"]
[WhiteTwz "1997"]
[BlackTwz "2269"]
[BlackTitle "FM"]
[WhiteFideId "4638158"]
[BlackFideId "24660256"]
[WhiteNatFedId "10068500"]
[BlackNatFedId "10060994"]
[WhiteAttr "M"]
[BlackAttr "M"]
[WhiteTeam "SK Freising"]
[BlackTeam "SC Eppingen"]
[PlyCount "0"]

1.d4 Nf6 2.c4 c5 3.d5 b5 4.cxb5 a6 5.e3 g6 6.Nc3 Bg7 7.Nf3 O-O 8.a4 Bb7 9.
Bc4 axb5 10.Bxb5 e6 11.Bc4 exd5 12.Nxd5 Nxd5 13.Bxd5 Nc6 14.O-O Ba6 15.Re1
Rb8 16.e4 Nb4 17.Bf4 Nd3 18.Bxb8 Qxb8 19.Re3 c4 20.Rxd3 cxd3 21.Rb1 Qb4 
22.b3 Rc8 23.Ng5 d2 24.Bxf7+ Kf8 25.Bc4 Bxc4 26.bxc4 Qxb1 27.Qxb1 Rxc4 28.
Qb8+ Ke7 29.h4 d1=Q+ 30.Kh2 Qd6+ 0-1

[Event "29. Friedensfest-Open (AFRO-A)"]
[Site "Augsburg"]
[Date "2024.08.08"]
[Round "2.4"]
[White "Li, Yunqi"]
[Black "Ovsepyan, Arshak"]
[Result "0-1"]
[WhiteElo "1975"]
[BlackElo "2208"]
[EventDate "2024.08.08"]
[Time "15:30:00"]
[WhiteNrv "1975"]
[BlackNrv "2208"]
[WhiteTwz "1975"]
[BlackTwz "2208"]
[WhiteFideId "34610618"]
[BlackFideId "24690236"]
[WhiteNatFedId "10754717"]
[BlackNatFedId "10262433"]
[WhiteAttr "M"]
[BlackAttr "M"]
[WhiteTeam "SF 59 Kornwestheim"]
[BlackTeam "SK Graefelfing"]
[PlyCount "0"]

1.d4 g6 2.c4 Bg7 3.Nc3 d6 4.e4 Nc6 5.Nf3 e5 6.d5 Nce7 7.Be2 f5 8.O-O Nf6 
9.Nd2 O-O 10.f3 f4 11.b4 g5 12.c5 h5 13.h3 Kh7 14.Nc4 Rg8 15.Ba3 Bf8 16.
Rc1 Ng6 17.cxd6 cxd6 18.b5 b6 19.Bb4 Nh4 20.Kf2 Rg6 21.Rh1 Rh6 22.a4 a5 
23.bxa6 Bxa6 24.Nb5 Bxb5 25.axb5 g4 26.hxg4 hxg4 27.Ra1 Rb8 28.Qd3 Nh5 29.
Ra7+ Kg8 30.fxg4 Ng3 31.Rh3 Qg5 32.Bf3 Rc8 33.Rb7 Nxf3 34.Rxh6 Qxh6 35.
Kxf3 Qh1 36.Kf2 Qc1 37.Na3 Qb2+ 38.Bd2 Rc1 0-1

[Event "29. Friedensfest-Open (AFRO-A)"]
[Site "Augsburg"]
[Date "2024.08.08"]
[Round "2.5"]
[White "Longo, Massimo"]
[Black "Seyb, Dieter"]
[Result "1-0"]
[WhiteElo "1972"]
[BlackElo "2138"]
[EventDate "2024.08.08"]
[Time "15:30:00"]
[WhiteNrv "1972"]
[BlackNrv "2138"]
[WhiteTwz "1972"]
[BlackTwz "2138"]
[BlackTitle "FM"]
[WhiteFideId "16205227"]
[BlackFideId "4603346"]
[WhiteNatFedId "10270052"]
[BlackNatFedId "10207061"]
[WhiteAttr "M"]
[BlackAttr "M"]
[WhiteTeam "SK Graefelfing"]
[BlackTeam "FSV Grossenseebach"]
[PlyCount "0"]

1.d4 Nf6 2.Nf3 g6 3.Bg5 Bg7 4.Nbd2 c5 5.c3 cxd4 6.cxd4 d5 7.e3 O-O 8.Bd3 
Nc6 9.Qb3 Qb6 10.O-O Qxb3 11.Nxb3 h6 12.Bh4 g5 13.Bg3 Nb4 14.Bb1 b6 15.a3 
Nc6 16.Bd3 Bb7 17.Rac1 Rfc8 18.h4 g4 19.Ne5 Nxe5 20.Bxe5 Ne4 21.Bc7 h5 22.
f3 Nf6 23.Rc3 e6 24.Rfc1 Kf8 25.Bd6+ Kg8 26.Kf2 Rxc3 27.Rxc3 gxf3 28.gxf3 
Ne8 29.Bg3 Kf8 30.Bb5 Bf6 31.Nc1 Rc8 32.Rxc8 Bxc8 33.Bxe8 Kxe8 34.Nd3 Bh8 
35.Be5 f6 36.Bb8 a6 37.Nf4 Kf7 38.Nxh5 e5 39.Ng3 Ke6 40.Bc7 b5 41.f4 exd4 
42.exd4 Bg7 43.f5+ Kf7 44.Bf4 Bf8 45.h5 Kg7 46.Kf3 b4 47.axb4 Bd7 48.h6+ 
Kh7 49.Nh5 Be7 50.Ng7 Bxb4 51.Kg4 Ba4 52.Ne6 Bd1+ 53.Kg3 a5 54.Nc7 Bb3 55.
Ne8 Be7 56.Kh4 a4 57.Bd6 Bxd6 58.Nxd6 Kxh6 59.Ne8 Bc2 60.Kg4 1-0

[Event "29. Friedensfest-Open (AFRO-A)"]
[Site "Augsburg"]
[Date "2024.08.08"]
[Round "2.6"]
[White "Struck, Christian"]
[Black "Litzka, Richard"]
[Result "1/2-1/2"]
[WhiteElo "1965"]
[BlackElo "2119"]
[EventDate "2024.08.08"]
[Time "15:30:00"]
[WhiteNrv "1965"]
[BlackNrv "2119"]
[WhiteTwz "1965"]
[BlackTwz "2119"]
[WhiteFideId "16269497"]
[BlackFideId "12971731"]
[WhiteNatFedId "10218366"]
[BlackNatFedId "10261519"]
[WhiteAttr "M"]
[BlackAttr "M"]
[WhiteTeam "SF Augsburg"]
[BlackTeam "FC Bayern Muenchen e.V."]
[PlyCount "0"]

1.e4 c5 2.Nf3 e6 3.c4 Nc6 4.Nc3 Nd4 5.g3 Ne7 6.Bg2 Nec6 7.O-O Nxf3+ 8.Bxf3
g6 9.d3 Bg7 10.Be3 d6 11.Qd2 O-O 12.Bg2 Rb8 13.f4 Nd4 14.Ne2 Nxe2+ 15.Qxe2
b5 16.Rab1 Qa5 17.b3 Re8 18.e5 Qc7 19.exd6 Qxd6 20.cxb5 Rxb5 21.d4 c4 22.
Qxc4 Rb4 23.Qc5 Rxd4 24.Qxd6 Rxd6 25.Rfd1 Red8 26.Rxd6 Rxd6 27.Bxa7 Ra6 
28.Bc5 Rxa2 29.b4 1/2-1/2

[Event "29. Friedensfest-Open (AFRO-A)"]
[Site "Augsburg"]
[Date "2024.08.08"]
[Round "2.7"]
[White "Duong, Quang Bach"]
[Black "Edelmann, Oliver"]
[Result "1/2-1/2"]
[WhiteElo "2100"]
[BlackElo "1944"]
[EventDate "2024.08.08"]
[Time "15:30:00"]
[WhiteNrv "2100"]
[BlackNrv "1944"]
[WhiteTwz "2100"]
[BlackTwz "1944"]
[WhiteFideId "16287045"]
[BlackFideId "16272650"]
[WhiteNatFedId "10626174"]
[BlackNatFedId "10703890"]
[WhiteAttr "M"]
[BlackAttr "M"]
[WhiteTeam "SF Augsburg"]
[BlackTeam "SK Graefelfing"]
[PlyCount "0"]

1.c4 Nf6 2.Nf3 e6 3.Nc3 d5 4.e3 Nbd7 5.b3 b6 6.cxd5 exd5 7.Bb2 c5 8.Be2 
Bd6 9.O-O O-O 10.d4 Bb7 11.a4 Re8 12.a5 Rc8 13.Nb5 Bb8 14.a6 Ba8 15.dxc5 
bxc5 16.Qd3 Qb6 17.Qd2 Ne4 18.Qa5 c4 19.Bd4 Qxa5 20.Rxa5 cxb3 21.Nxa7 Bxa7
22.Bxa7 Ndc5 23.Bxc5 Rxc5 24.Rxc5 Nxc5 25.Nd4 Rb8 26.Ra1 Ne4 27.a7 Rb7 28.
Rc1 Nd6 29.Rb1 b2 30.Ba6 Rb6 31.Bb5 Nc4 32.e4 Rb7 33.exd5 Rxa7 34.Bxc4 Ra1
1/2-1/2

[Event "29. Friedensfest-Open (AFRO-A)"]
[Site "Augsburg"]
[Date "2024.08.08"]
[Round "2.8"]
[White "Haselbeck, Franz"]
[Black "Herb, Stefan"]
[Result "1-0"]
[WhiteElo "1929"]
[BlackElo "2085"]
[EventDate "2024.08.08"]
[Time "15:30:00"]
[WhiteNrv "1929"]
[BlackNrv "2085"]
[WhiteTwz "1929"]
[BlackTwz "2085"]
[WhiteFideId "1270356"]
[BlackFideId "4627903"]
[WhiteNatFedId "10075444"]
[BlackNatFedId "10080993"]
[WhiteAttr "M"]
[BlackAttr "M"]
[WhiteTeam "SG Traunstein/Traunreut e.V."]
[BlackTeam "SAbt TSV Haunstetten"]
[PlyCount "0"]

1.Nf3 c5 2.g3 g6 3.Bg2 Bg7 4.O-O Nc6 5.e4 d6 6.c3 Bg4 7.h3 Bxf3 8.Qxf3 e6 
9.d3 Nge7 10.Be3 O-O 11.a4 a6 12.Nd2 b5 13.Qe2 Qd7 14.f4 b4 15.Nc4 bxc3 
16.bxc3 Rab8 17.e5 dxe5 18.Bxc5 Rfd8 19.Bd6 Nf5 20.Bxc6 Qxc6 21.Bxb8 Rxb8 
22.fxe5 Nxg3 23.Qf3 Qc5+ 24.d4 Qxc4 25.Qxg3 Rc8 26.Rab1 Bh6 27.Rb7 Rc7 28.
Rb8+ Rc8 29.Rxc8+ Qxc8 30.Qf3 Qc7 31.Rb1 Qd8 32.Rb7 Qg5+ 33.Kf1 Qc1+ 34.
Kf2 Bf4 35.Rb8+ Kg7 36.Qd3 g5 37.Rb1 Qa3 38.Qc2 h5 39.Kf3 Qe7 40.Rg1 f5 
41.exf6+ Qxf6 42.Rb1 Bc7+ 43.Kg2 Qf4 44.Kh1 Qe3 45.Qg2 Bf4 46.Rf1 Kh6 47.
Qf3 Qd2 48.Rf2 Qe1+ 49.Kg2 Qb1 50.Re2 1-0

[Event "29. Friedensfest-Open (AFRO-A)"]
[Site "Augsburg"]
[Date "2024.08.08"]
[Round "2.9"]
[White "Weichlein, Paul"]
[Black "Kelemen, Alexander"]
[Result "1/2-1/2"]
[WhiteElo "2045"]
[BlackElo "1914"]
[EventDate "2024.08.08"]
[Time "15:30:00"]
[WhiteNrv "2045"]
[BlackNrv "1914"]
[WhiteTwz "2045"]
[BlackTwz "1914"]
[WhiteFideId "4671643"]
[BlackFideId "12906700"]
[WhiteNatFedId "10236793"]
[BlackNatFedId "10254955"]
[WhiteAttr "*"]
[BlackAttr "M"]
[WhiteTeam "SAbt TSV Haunstetten"]
[BlackTeam "SC Weisse Dame Ulm e.V."]
[PlyCount "0"]

1.d4 Nf6 2.c4 e6 3.Nf3 d5 4.g3 dxc4 5.Bg2 c5 6.O-O Nc6 7.Qa4 Bd7 8.Qxc4 
cxd4 9.Nxd4 Rc8 10.Rd1 Qb6 11.Nxc6 Bxc6 12.Be3 Qxb2 13.Nd2 Qb4 14.Rac1 Be7
15.Bxc6+ Rxc6 16.Qxb4 Bxb4 17.Rxc6 bxc6 18.Rc1 Bxd2 19.Bxd2 Kd7 20.Rb1 Rc8
21.Bf4 c5 22.Rb7+ Ke8 23.Kf1 a6 24.Ke1 Rc6 25.f3 Nd5 26.Be5 f6 27.Bf4 e5 
28.Bd2 Rc7 29.Rb8+ Kd7 30.e4 Ne7 31.Ba5 Rc8 32.Rb7+ Ke8 33.Ra7 1/2-1/2

[Event "29. Friedensfest-Open (AFRO-A)"]
[Site "Augsburg"]
[Date "2024.08.08"]
[Round "2.10"]
[White "Alvir, Aco"]
[Black "Eichschmied, Patrick"]
[Result "1/2-1/2"]
[WhiteElo "2290"]
[BlackElo "1956"]
[EventDate "2024.08.08"]
[Time "15:30:00"]
[WhiteNrv "2290"]
[BlackNrv "1956"]
[WhiteTwz "2290"]
[BlackTwz "1956"]
[WhiteTitle "IM"]
[WhiteFideId "14400367"]
[BlackFideId "24683663"]
[WhiteNatFedId "10496782"]
[BlackNatFedId "10043123"]
[WhiteAttr "M"]
[BlackAttr "M"]
[WhiteTeam "Muenchener SC 1836 e.V."]
[BlackTeam "MTV Ingolstadt"]
[PlyCount "0"]

1.e4 e5 2.Nf3 Nc6 3.Bb5 a6 4.Ba4 Nf6 5.O-O Be7 6.Re1 b5 7.Bb3 O-O 8.h3 d6 
9.c3 Nb8 10.d4 Nbd7 11.Nbd2 Bb7 12.Bc2 Re8 13.Nf1 Bf8 14.Ng3 g6 15.a4 c5 
16.d5 c4 17.Bg5 h6 18.Be3 Nc5 19.Qd2 h5 20.Bg5 Be7 21.Bh6 Qc7 22.Ra3 Nh7 
23.Be3 Reb8 24.Qe2 Bf6 25.Nf1 Bc8 26.axb5 axb5 27.Rea1 Bb7 28.Qd1 Nf8 29.
Rxa8 Rxa8 30.Rxa8 Bxa8 31.Qa1 Bb7 32.Qa3 Nfd7 33.N1d2 Bd8 34.Nb1 Qa5 35.
Nfd2 Ba6 36.f3 Qxa3 1/2-1/2